Granger's representation theorem and multicointegration

Guardado en:
Detalles Bibliográficos
Autor principal: Engsted, Tom
Otros Autores: Johansen, Soren
Formato: Libro
Lenguaje:inglés
Publicado: San Domenico (FI) European University Institute 1997
Colección:EUI Working paper ECO No. 97/15
Materias:
Etiquetas: Agregar Etiqueta
Sin Etiquetas, Sea el primero en etiquetar este registro!

MARC

LEADER 00000nam a2200000 4500
001 c133425
005 20221124073449.8
041 0 |a eng 
044 |a IT 
245 1 0 |a Granger's representation theorem and multicointegration  |c Tom Engsted, Soren Johansen 
264 1 |a San Domenico (FI)  |b European University Institute  |c 1997 
300 |a 13 s. 
490 1 |a EUI Working paper ECO  |v No. 97/15 
830 0 |a EUI Working paper ECO  |v No. 97/15 
610 2 0 |a modelovanie matematické 
610 2 0 |a matematika aplikovaná 
610 2 0 |a analýza matematická 
610 2 0 |a rady časové 
100 1 |a Engsted, Tom 
700 1 |a Johansen, Soren